Religious rebels in the Punjab (Record no. 536168)

MARC details
000 -LEADER
fixed length control field 00854nam a2200265Ia 4500
003 - CONTROL NUMBER IDENTIFIER
control field OSt
005 - DATE AND TIME OF LATEST TRANSACTION
control field 20220925200321.0
008 - FIXED-LENGTH DATA ELEMENTS--GENERAL INFORMATION
fixed length control field 220923b |||||||| |||| 00| 0 eng d
020 ## - INTERNATIONAL STANDARD BOOK NUMBER
International Standard Book Number 8120202082
037 ## - SOURCE OF ACQUISITION
Terms of availability General Book
040 ## - CATALOGING SOURCE
Original cataloging agency RTL
Transcribing agency RTL
Language of cataloging eng
041 ## - LANGUAGE CODE
Source of code eng
Language code of text/sound track or separate title eng
100 ## - MAIN ENTRY--PERSONAL NAME
Personal name Juergensmeyer Mark
9 (RLIN) 31087
245 #0 - TITLE STATEMENT
Title Religious rebels in the Punjab
Remainder of title The social visionof untouchables
260 ## - PUBLICATION, DISTRIBUTION, ETC.
Place of publication, distribution, etc. Delhi
Name of publisher, distributor, etc. Ajanta
Date of publication, distribution, etc. 1988
300 ## - PHYSICAL DESCRIPTION
Extent xvii,357p
Dimensions cm.
490 ## - SERIES STATEMENT
Series statement Published Originably as Religion as Social Vision
500 ## - GENERAL NOTE
General note Bibliography: P 321-46; Appendix P 283-308; Glossary P 315-20
650 ## - SUBJECT ADDED ENTRY--TOPICAL TERM
Topical term or geographic name entry element Untouchables
942 ## - ADDED ENTRY ELEMENTS (KOHA)
Classification part Y5927:4:5.243.N7, M2;M8
Koha item type General Books
Source of classification or shelving scheme Colon Classification (CC)

No items available.

Copyright @ Delhi University Library System